Sistema limitante de sobrevelocidad para turbinas hidráulicas
Đã lưu trong:
| Tác giả chính: | |
|---|---|
| Tác giả khác: | |
| Định dạng: | Sách |
| Được phát hành: |
[San José , Costa Rica]
1985
|
| Các nhãn: |
Thêm thẻ
Không có thẻ, Là người đầu tiên thẻ bản ghi này!
|
MARC
| LEADER | 00000nam a2200000Ia 4500 | ||
|---|---|---|---|
| 003 | 002715 | ||
| 005 | 20221231144405.0 | ||
| 008 | 140114s1985 cr a m 000 ||s d | ||
| 040 | |c cru CEDI | ||
| 090 | |a TFG 1621 | ||
| 100 | |a Mora Goldoni, Ramón |9 13968 | ||
| 245 | |a Sistema limitante de sobrevelocidad para turbinas hidráulicas | ||
| 260 | |c 1985 |a [San José , Costa Rica] | ||
| 300 | |a vii,109 hojas:ilustraciones, 7 fotos originales | ||
| 500 | |a Proyecto de graduación (bachiller en ingeniería industrial)--Universidad de Costa Rica. Facultad de Ingeniería. Escuela de Ingeniería Industrial | ||
| 700 | |9 14657 |a Villacis Villacis, Héctor | ||
| 942 | |c TFG | ||
| 999 | |c 21174 |d 21174 | ||
